Visión global de la cooperación para el desarrollo la experiencia internacional y el caso español (Registro nro. 48281)

Detalles MARC
000 -ENCABEZADO
Número de control [NR] 00950nam a2200241Ia 4500
008 - DE LONGITUD FIJA DE DATOS DE ELEMENTOS - INFORMACIÓN GENERAL
Elementos de longitud fija [NR] 130821s1996 sp a gr spa
020 ## - NUMERO INTERNACIONAL NORMALIZADO PARA LIBROS [R]
Número Internacional Normalizado del libro [NR] 8474262704
040 ## - FUENTE DE CATALOGACION [NR]
Agencia de catalogación original [NR] Co-BoUCM
Idioma de catalogación [NR] spa
041 00 - CODIGO DE IDIOMA [R]
Código de idioma para texto/pista de sonido o título separado [R] Español
245 00 - MENCION DE TITULO [NR]
Título [NR] Visión global de la cooperación para el desarrollo la experiencia internacional y el caso español
Mención de responsabilidad, etc. [NR] Coordinador Angel Martínez González-Tablas
250 ## - MENCION DE EDICION [NR]
Mención de edición [NR] 2a. ed.
260 ## - PUBLICACION, DISTRIBUCION, ETC. (PIE DE IMPRENTA) [R]
Lugar de publicación, distribución, etc. [R] Barcelona (España)
Nombre del editor, distribuidor, etc. [R] Icaria
Fecha de publicación, distribución, etc. [R] 1996
300 ## - DESCRIPCION FISICA [R]
Extensión [R] 560 páginas
Otros detalles físicos [NR] cuadros, tablas
504 ## - NOTA DE BIBLIOGRAFIA, ETC. [R]
Nota de bibliografía, etc. [NR]
650 04 - ASIENTO SECUNDARIO DE MATERIA - TERMINO TEMATICO [R]
Término temático o nombre geográfico como elemento de entrada [NR] Asistencia económica
Subdivisión geográfica [R] España
9 (RLIN) 9640
650 04 - ASIENTO SECUNDARIO DE MATERIA - TERMINO TEMATICO [R]
Término temático o nombre geográfico como elemento de entrada [NR] Cooperación internacional
Subdivisión geográfica [R] España
9 (RLIN) 11969
650 04 - ASIENTO SECUNDARIO DE MATERIA - TERMINO TEMATICO [R]
Término temático o nombre geográfico como elemento de entrada [NR] Integración económica
Subdivisión geográfica [R] España
9 (RLIN) 17820
650 04 - ASIENTO SECUNDARIO DE MATERIA - TERMINO TEMATICO [R]
Término temático o nombre geográfico como elemento de entrada [NR] Relaciones internacionales
9 (RLIN) 8042
651 #7 - ASIENTO SECUNDARIO DE MATERIA - NOMBRE GEOGRAFICO [R]
Nombre geográfico [NR] España
Geographic name following place entry element [OBSOLETE] Relaciones internacionales
9 (RLIN) 26943
700 1# - ASIENTO SECUNDARIO - NOMBRE PERSONAL [R]
Nombre personal [NR] Gonzalez-TABLAS, Angel Martínez
Término de relación [R]
9 (RLIN) 162444
942 ## - ELEMENTOS DE ENTRADA AGREGADOS (KOHA)
Tipo de ítem principal el descrito en 300a Libro
Tema principal Ciencia política
Edición 2
Parte restante de la signatura top. V831
Sistema de clasificación DEWEY
Clasificación 327.1746
Existencias
Fecha de último préstamo Total préstamos Total Renewals Signatura topográfica Código de barras Última vez visto Volúmen / Fascículo Ejemplar Price effective from Tipo de ítem Perdido Sistema de clasificación Dañado No prestable Tipo de ítem específico Suprimido Ubicación habitual Ubicación actual Localización Fecha de creación Forma de adquisición Costo
28/01/2016 13 3 327.1746 V831 100076018 06/06/2024 2a. Ed. Ej.2 03/02/2013 Libro   DEWEY     Libro   Bodega Bodega 3er piso 28/02/2006 Compra 68226.00